000 00787nam a2200217Ii 4500
003 JO-AjNU
008 230605s9999||||xx |||||||||||||| ||und||
017 _a2002/11/2742
040 _aJO-AjNU
_bara
_erda
_cJO-AjNU
041 _aara
050 1 4 _aPJ7808.H46.Z21 2002
100 3 _aتأليف أبوحمدان، جمال,
_eauthor
_949062
245 0 0 _aزمان آخر: خمس مسرحيات
264 3 1 _aعمان:وزارة الثقافة،2002
300 _a251ص
336 _atext
_btxt
_2rdacontent
337 _aunmediated
_bn
_2rdamedia
338 _avolume
_bnc
_2rdacarrier
490 0 _aسلسلة كتب شهرية تصدر عن وزارة الثقافة، مسرح 10
650 4 _a المسرحيات العربية - الأردن - القرن العشرين
_949063
999 _aA21526
_c25094
_d25094